000 00450nam a2200133Ia 4500
008 220217s9999 xx 000 0 und d
245 0 _aMethods of testing vulcanized rubber. Parts B15. Determination of manganese
260 _aLondon
260 _c1963
_bBritish Standards Institution
490 _aBritish Standards Institution
500 _aStandard number: BS 903: Part B 15
650 _aRubber Vulcanized, Manganese determination
942 _cST
999 _c73260
_d73260